|
|
|
|
| LEADER |
00000csb a2200000 a 4500 |
| 003 |
Ucuenca |
| 005 |
20230308201317.0 |
| 008 |
001112| ||||||||r|||||||||||spa|| |
| 040 |
|
|
|b spa
|
| 041 |
1 |
|
|a spa
|
| 082 |
0 |
|
|a 050
|b C611o
|
| 100 |
1 |
|
|9 195723
|a Calle Medina, María Isabel
|
| 245 |
|
|
|a La Cité Cuencana: el clasicismo francés en la arquitectura
|c María Isabel Calle Medina
|h imp
|n no. 11
|
| 264 |
|
|
|a Cuenca
|b Universidad del Azuay
|c Octubre / Diciembre de 2001
|
| 300 |
|
|
|a páginas: 2-3
|b ilu
|c 30 cm
|
| 362 |
|
|
|a Año 3; no. 11 (Octubre-Diciembre de 2001)
|
| 650 |
1 |
|
|a Arquitectura cuencana
|9 46490
|
| 650 |
1 |
|
|a Revista coloquio
|9 176159
|
| 852 |
|
|
|a UC-CDJBV
|f Donación
|l 1
|p 20011121
|q 5.000
|r 2
|d CDRC
|e CDRC
|g 050 C611o TERCER PISO (SECCION REVISTAS)
|z 2001-11-12
|
| 942 |
|
|
|c SERA
|
| 999 |
|
|
|c 95145
|d 95145
|